00380 2200157 4500245003900000020001800039250001100057100002300068650001600091005001900107260004200126041001400168084000800182300002300190336000900213 aConfeitocWindhy PuspitadewihText a979-22-1362-7 aCet. 1 aWindhy Puspitadewi aNovel Fiksi a20230112150407 aJakartabGramedia Pustaka Utamac2005 aIndonesia a813 a208 hlm. :c20 cm. atext